| 000 | 00607cam a2200181 i 4500 | ||
|---|---|---|---|
| 999 |
_c12740 _d12740 |
||
| 003 | OSt | ||
| 005 | 20240705182423.0 | ||
| 008 | 160401s2016 nyu b 000 0 eng | ||
| 020 | _a9783037784945 (alk. paper) | ||
| 042 | _apcc | ||
| 082 | 0 | 0 |
_a720/.47 _223 |
| 245 | 0 | 0 |
_aClimates : _barchitecture and the planetary imaginary / _cJames Graham, editor with Caitlin Blanchfield, managing editor. |
| 300 |
_a371 pages _c24 cm |
||
| 504 | _aIncludes bibliographical references. | ||
| 505 | 0 | _aEarths -- Political ecologies -- Corporealities -- Enclosures. | |
| 650 | 0 | _aArchitecture and climate. | |
| 942 | _2ddc | ||